Shopping centre and high street bulletin (Record no. 83975)
[ view plain ]
| 000 -LEADER | |
|---|---|
| fixed length control field | 01406cad a22002175a 4500 |
| 001 - CONTROL NUMBER | |
| control field | L156247 |
| 008 - FIXED-LENGTH DATA ELEMENTS--GENERAL INFORMATION | |
| fixed length control field | 120509s2012 xxk 000 0 eng d |
| 035 ## - SYSTEM CONTROL NUMBER | |
| System control number | (Sirsi) u156247 |
| 041 0# - LANGUAGE CODE | |
| Language code of text/sound track or separate title | eng |
| 110 2# - MAIN ENTRY--CORPORATE NAME | |
| Corporate name or jurisdiction name as entry element | Savills |
| 9 (RLIN) | 2020 |
| 245 00 - TITLE STATEMENT | |
| Title | Shopping centre and high street bulletin |
| Remainder of title | Quarter 1 2012 |
| Medium | [electronic resource] |
| 260 ## - PUBLICATION, DISTRIBUTION, ETC. | |
| Place of publication, distribution, etc. | London |
| Name of publisher, distributor, etc. | Savills |
| Date of publication, distribution, etc. | 2012 |
| 490 #0 - SERIES STATEMENT | |
| Series statement | Savills Shopping Centre and High Street Bulletin |
| Volume/sequential designation | Q1 2012 |
| 520 ## - SUMMARY, ETC. | |
| Summary, etc. | 2012 will be the turning point in this cycle of the consumer economy. Some retailers believe that there will be an Olympic boost this summer but generally trading remains tough. Only 12 shopping centres were sold in Q1 2012 totaling £461m. There remains a large number of equity buyers for shopping centre investments. The yield spread between Super Prime and Tertiary has grown. High street investment market has started quietly this year. Prime high street yields are likely to remain at their current level in the near future but secondary yields could harden. |
| 520 ## - SUMMARY, ETC. | |
| Summary, etc. | Summary - the consumer economy - the retail occupational market - shopping centre investment - high street investment. |
| 590 ## - LOCAL NOTE (RLIN) | |
| Local note | KA |
| 651 #4 - SUBJECT ADDED ENTRY--GEOGRAPHIC NAME | |
| Geographic name | United Kingdom |
| 690 ## - LOCAL SUBJECT ADDED ENTRY--TOPICAL TERM (OCLC, RLIN) | |
| Topical term or geographic name as entry element | Commercial property |
| 9 (RLIN) | 6227 |
| 856 40 - ELECTRONIC LOCATION AND ACCESS | |
| Uniform Resource Identifier | <a href="https://www.savills.co.uk/research/european-research.aspx">https://www.savills.co.uk/research/european-research.aspx</a> |
| Public note | View the bulletin (under UK Retail Report) after free registration at www.savills.com |
| 942 ## - ADDED ENTRY ELEMENTS (KOHA) | |
| Suppress in OPAC | 0 |
| Withdrawn status | Lost status | Source of classification or shelving scheme | Damaged status | Not for loan | Home library | Current library | Shelving location | Date acquired | Total Checkouts | Full call number | Barcode | Date last seen | Copy number | Price effective from | Koha item type |
|---|---|---|---|---|---|---|---|---|---|---|---|---|---|---|---|
| Dewey Decimal Classification | Virtual | Virtual | Online | 09/05/2012 | ONLINE PUBLICATION | 156247-2001 | 06/08/2019 | 1 | 06/08/2019 | Book |